300 Very Difficult Cities on a Map - Test Your Knowledge! - Statistics

General Stats
  • This quiz has been taken 29 times
    4 since last reset
  • The average score is 16 of 300
Answers on the Map
Answers color-coded by a green-red scale on the quiz's map according to % correct below.
 
Answer Stats
Country/Territory Guess % City % Correct
Burkina Faso 0.30 Bobo-Dioulasso
75%
Saint Helena, Ascension, and Tristan da Cunha 0.48 Edinburgh of the Seven Seas
75%
South Africa 0.52 Gqeberha
75%
Vietnam 0.26 Haiphong
75%
Tanzania 0.35 Mwanza
75%
Kazakhstan 0.35 Shymkent
75%
Papua New Guinea 0.30 Buka
50%
DR Congo 0.30 Bukavu
50%
U.S. Virgin Islands 0.22 Charlotte Amalie
50%
Indonesia 0.22 Cirebon
50%
Saint Helena, Ascension, and Tristan da Cunha 0.30 Georgetown
50%
Saudi Arabia 0.17 Hofuf
50%
China 0.26 Jilin
50%
Togo 0.17 Kara
50%
Brazil 0.35 Natal
50%
India 0.22 Siliguri
50%
Nigeria 0.26 Sokoto
50%
New Caledonia 0.13
50%
Timor-Leste 0.04 Aileu
25%
Brazil 0.04 Crato
25%
Germany 0.26 Erfurt
25%
India 0.13 Hubli
25%
Jordan 0.26 Irbid
25%
Brazil 0.17 Jaboatão
25%
Nigeria 0.17 Jos
25%
Iran 0.17 Kermanshah
25%
Saudi Arabia 0.09 Khamis Mushait
25%
South Georgia And South Sandwich Islands 0.09 King Edward Point
25%
Philippines 0.00 Koronadal
25%
Mexico 0.13 Morelia
25%
Iraq 0.13 Najaf
25%
South Africa 0.04 Nelspruit
25%
Timor-Leste 0.04 Pante Macassar
25%
Montserrat 0.09 Plymouth
25%
Lesotho 0.04 Qacha’s Nek
25%
Philippines 0.09 San Jose
25%
Philippines 0.22 Santa Cruz
25%
Ghana 0.13 Sekondi
25%
Philippines 0.00 Tabuk
25%
Nigeria 0.00 Abakaliki
0%
Uganda 0.00 Agago
0%
Saudi Arabia 0.00 Al Ḩillah
0%
Yemen 0.00 Al Jabīn
0%
Iraq 0.04 Al Kūt
0%
Sudan 0.00 Al Mijlad
0%
Russia 0.00 Ambarchik
0%
Yemen 0.04 ‘Amrān
0%
Laos 0.00 Anouvông
0%
Trinidad and Tobago 0.00 Aranguez
0%
Oman 0.00 Aş Şuwayḩirah as Sāḩil
0%
Qatar 0.00 Az̧ Z̧a‘āyin
0%
Serbia 0.00 Babušnica
0%
Taiwan 0.00 Bade
0%
Malawi 0.00 Balaka
0%
Thailand 0.00 Ban Huai Hin
0%
Taiwan 0.00 Banqiao
0%
Chad 0.00 Bardaï
0%
China 0.00 Beidao
0%
China 0.00 Beihai
0%
Uganda 0.00 Binyin
0%
Serbia 0.00 Bojnik
0%
Serbia 0.04 Boljevac
0%
Somalia 0.00 Boorama
0%
Serbia 0.04 Bosilegrad
0%
Uganda 0.00 Budaka
0%
Uganda 0.00 Bukwo
0%
Uganda 0.00 Bulambuli
0%
Uganda 0.00 Bupoto
0%
Uganda 0.00 Busesa
0%
Uganda 0.00 Butebo
0%
Uganda 0.00 Butemba
0%
Somalia 0.00 Ceerigaabo
0%
China 0.00 Changzhi
0%
China 0.00 Chengde
0%
South Korea 0.09 Cheongju
0%
Malawi 0.00 Chikwawa
0%
Chile 0.00 Chuquicamata
0%
China 0.00 Chuzhou
0%
Moldova 0.00 Cocieri
0%
Cabo Verde 0.00 Cova Figueira
0%
Mongolia 0.00 Dalandzadgad
0%
Ghana 0.00 Dambai
0%
Vietnam 0.35 Đà Nẵng
0%
Syria 0.00 Dar‘ā
0%
Mongolia 0.00 Darhan
0%
China 0.00 Dazhou
0%
Azerbaijan 0.00 Dəvəçi
0%
China 0.00 Dezhou
0%
Maldives 0.00 Dhihdhoo
0%
Benin 0.00 Dogbo
0%
Serbia 0.00 Doljevac
0%
China 0.00 Dongying
0%
Faroe Islands 0.04 Eiði
0%
Sudan 0.00 El Fula
0%
China 0.00 Ezhou
0%
Maldives 0.00 Fonadhoo
0%
Faroe Islands 0.04 Fuglafjørður
0%
Bhutan 0.04 Gasa
0%
Ghana 0.00 Goaso
0%
Nigeria 0.13 Gombe
0%
China 0.00 Guigang
0%
Bhutan 0.09 Haa
0%
China 0.00 Hangu
0%
Oman 0.00 Haymā’
0%
China 0.00 Hengshui
0%
China 0.04 Heze
0%
Korea, South 0.00 Hongseong
0%
Faroe Islands 0.04 Hov
0%
China 0.00 Huangyan
0%
China 0.00 Huinan
0%
China 0.00 Huludao
0%
Faroe Islands 0.04 Húsavík
0%
China 0.00 Huzhou
0%
Oman 0.00 ‘Ibrī
0%
Libya 0.00 Idrī
0%
Cabo Verde 0.00 Igreja
0%
Brazil 0.04 Iguaçu
0%
Iran 0.00 Īlām
0%
North Macedonia 0.00 Ilinden
0%
Burundi 0.00 Isale
0%
Nigeria 0.00 Isemi-Ile
0%
India 0.00 Jaitpura
0%
China 0.00 Jiaojiangcun
0%
China 0.00 Jinhua
0%
Nepal 0.00 Jitpur
0%
China 0.00 Jiujiang
0%
Kenya 0.00 Kabarnet
0%
China 0.00 Kaifeng Chengguanzhen
0%
Uganda 0.00 Kakumiro
0%
Uganda 0.00 Kalaki
0%
Uganda 0.00 Kalungu
0%
Uganda 0.00 Kapelebyong
0%
Kenya 0.00 Kapenguria
0%
Indonesia 0.04 Karawang
0%
Uganda 0.00 Kasaali
0%
Uganda 0.00 Kasanda
0%
Uganda 0.00 Kibaale
0%
Uganda 0.00 Kibingo
0%
Uganda 0.00 Kinoni
0%
Faroe Islands 0.04 Kirkja
0%
Uganda 0.00 Kitamilo
0%
Tanzania 0.00 Koani
0%
Serbia 0.00 Koceljeva
0%
Uganda 0.00 Kole
0%
Vietnam 0.00 Kon Tum
0%
Faroe Islands 0.04 Kunoy
0%
Papua New Guinea 0.00 Kurumul
0%
Faroe Islands 0.04 Kvívík
0%
Somalia 0.00 Laascaanood
0%
Uganda 0.00 Lamwo
0%
China 0.04 Langfang
0%
Mexico 0.04 Las Delicias
0%
Uganda 0.00 Leju
0%
Bhutan 0.00 Lhuentse
0%
China 0.04 Liaocheng
0%
China 0.04 Linfen
0%
North Macedonia 0.00 Lipkovo
0%
China 0.00 Liuyang
0%
Serbia 0.00 Ljig
0%
Serbia 0.00 Ljubovija
0%
Congo (Brazzaville) 0.00 Loango
0%
Russia 0.00 Logashkino
0%
China 0.00 Longzhou
0%
Timor-Leste 0.00 Lospalos
0%
China 0.04 Lu'an
0%
Zimbabwe 0.00 Lupane
0%
Uganda 0.00 Luuka Town
0%
China 0.00 Luzhou
0%
Qatar 0.00 Madīnat ash Shamāl
0%
Tanzania 0.00 Mahonda
0%
North Macedonia 0.00 Makedonska Kamenica
0%
Serbia 0.00 Mali Zvornik
0%
New Zealand 0.04 Manukau City
0%
Uganda 0.00 Maracha
0%
Luxembourg 0.04 Mersch
0%
Kenya 0.00 Migori
0%
Russia 0.00 Mikhalkino
0%
China 0.00 Mizhou
0%
Uganda 0.00 Mparo
0%
Korea, South 0.00 Muan
0%
Maldives 0.00 Muli
0%
Samoa 0.00 Mulifanua
0%
Korea, North 0.00 Munha-dong
0%
Kenya 0.00 Murang’a
0%
Uganda 0.00 Nabilatuk
0%
Uganda 0.00 Nakapiripirit
0%
Uganda 0.00 Namayingo
0%
Uganda 0.00 Namutumba
0%
China 0.00 Nanyangcun
0%
India 0.00 Navsāri
0%
Malawi 0.00 Neno
0%
Eswatini 0.00 Nhlangano
0%
Maldives 0.00 Nilandhoo
0%
Afghanistan 0.00 Nīlī
0%
Russia 0.00 Noginsk
0%
Faroe Islands 0.04 Norðragøta
0%
Russia 0.00 Nordvik
0%
Cabo Verde 0.00 Nova Sintra
0%
Uganda 0.00 Nsiika
0%
Uganda 0.00 Ntara
0%
Uganda 0.00 Ntoroko
0%
Kenya 0.00 Nyamira
0%
Kenya 0.00 Ol Kalou
0%
Uganda 0.00 Otuke
0%
Faroe Islands 0.00 Oyrarbakki
0%
Uganda 0.00 Pader
0%
Cambodia 0.00 Pailin
0%
Burma 0.00 Pakokku
0%
Chad 0.00 Pala
0%
Uganda 0.00 Palenga
0%
China 0.04 Panjin
0%
China 0.00 Panying
0%
Russia 0.09 Pechora
0%
Bhutan 0.00 Pemagatshel
0%
Laos 0.00 Phôn-Hông
0%
Philippines 0.00 Pili
0%
Taiwan 0.00 Pingzhen
0%
Indonesia 0.00 Pinrang
0%
Serbia 0.04 Požega
0%
Serbia 0.04 Preševo
0%
Serbia 0.04 Priboj
0%
China 0.00 Puqi
0%
Azerbaijan 0.00 Qəbələ
0%
Sudan 0.00 Rabak
0%
India 0.00 Rājapālaiyam
0%
Maldives 0.00 Rasdhoo
0%
Luxembourg 0.00 Redange-sur-Attert
0%
North Macedonia 0.00 Resen
0%
Cabo Verde 0.04 Ribeira Brava
0%
Uganda 0.00 Rubanda
0%
Samoa 0.00 Safotulafai
0%
India 0.04 Saharanpur
0%
Bangladesh 0.00 Saidpur
0%
Faroe Islands 0.04 Saltangará
0%
Faroe Islands 0.04 Sandavágur
0%
Faroe Islands 0.04 Sandur
0%
Bolivia 0.04 San Rafael
0%
Malta 0.04 Santa Luċija
0%
Vanuatu 0.00 Saratamata
0%
Iran 0.04 Sārī
0%
Bhutan 0.00 Sarpang
0%
Samoa 0.00 Satupa‘itea
0%
Senegal 0.04 Sédhiou
0%
Ghana 0.00 Sefwi Wiawso
0%
Slovenia 0.00 Šentilj
0%
Azerbaijan 0.00 Şərur
0%
China 0.00 Shangqiu
0%
China 0.00 Shangrao
0%
Afghanistan 0.00 Sharan
0%
China 0.00 Shiyan
0%
China 0.00 Shizuishan
0%
China 0.00 Shuyang
0%
Kenya 0.00 Siaya
0%
Panama 0.00 Sieyik
0%
Korea, North 0.00 Sil-li
0%
China 0.00 Simao
0%
Faroe Islands 0.04 Skálavík
0%
Faroe Islands 0.04 Skúvoy
0%
Vanuatu 0.17 Sola
0%
Faroe Islands 0.09 Sørvágur
0%
Kenya 0.00 Sotik Post
0%
Faroe Islands 0.04 Strendur
0%
Timor-Leste 0.00 Suai
0%
Oman 0.00 Şuḩār
0%
Faroe Islands 0.09 Sumba
0%
Oman 0.26 Şūr
0%
China 0.00 Taizhou (Jiangsu)
0%
China 0.00 Taizhou (Zhejiang)
0%
Cambodia 0.00 Ta Khmau
0%
Solomon Islands 0.00 Taro
0%
Mauritania 0.00 Tevragh Zeina
0%
Vietnam 0.00 Thành Phố Bà Rịa
0%
Maldives 0.00 Thulusdhoo
0%
Faroe Islands 0.04 Toftir
0%
China 0.00 Tongchuanshi
0%
India 0.00 Tonk
0%
Serbia 0.00 Trgovište
0%
Ireland 0.04 Trim
0%
Bhutan 0.00 Tsimasham
0%
Bhutan 0.00 Tsirang
0%
Uzbekistan 0.00 Tŭytepa
0%
Faroe Islands 0.04 Tvøroyri
0%
Qatar 0.00 Umm Şalāl ‘Alī
0%
Panama 0.00 Unión Chocó
0%
Faroe Islands 0.09 Vágur
0%
Faroe Islands 0.04 Vestmanna
0%
Faroe Islands 0.04 Viðareiði
0%
Tanzania 0.00 Vwawa
0%
Laos 0.00 Xékong
0%
China 0.00 Xiangshui
0%
China 0.00 Xiping
0%
Taiwan 0.00 Yangmei
0%
Nigeria 0.00 Yenagoa
0%
Taiwan 0.00 Yilan
0%
Serbia 0.00 Žabari
0%
Serbia 0.00 Žagubica
0%
Slovenia 0.00 Zavrč
0%
Slovenia 0.00 Žetale
0%
Taiwan 0.00 Zhongli
0%
Slovenia 0.00 Žužemberk
0%
No matching quizzes found
Score Distribution
Percent of People with Each Score
Percentile by Number Answered
Your Score History
You have not taken this quiz since the last reset